000
00422nam a2200145Ia 4500
008
100122s9999 xx 000 0 und d
082
_b
18412
_a
823
100
_a
शेळके उध्दव ज
245
_a
वळणावरचं वय
260
_b
ललित वैभव
_c
1905
300
_a
296
630
_a
वळणावरचं वय
730
_a
वळणावरचं वय
942
_c
BOOK
999
_c
407841
_d
407838